Environmentalistika : pracovní sešit /

Main Author: Středová, Hana
Corporate Author: Mendelova univerzita
Language: Czech
Published: Brno : Mendelova univerzita v Brně, 2015
Edition: Vydání: první
Subjects:
Physical Description: 31 stran : ilustrace (převážně barevné) ; 30 cm
Book
Saved in:
LEADER 01931nam a2200505 i 4500
001 nkc20162791442
003 CZ PrNK
005 20160504142917.0
007 ta
008 160407s2015 xr a e p 000 0 cze
015 |a cnb002791442 
020 |a 978-80-7509-238-0  |q (kroužková vazba) 
035 |a (OCoLC)951553984 
040 |a BOA001  |b cze  |e rda 
072 7 |a 502  |x Životní prostředí a jeho ochrana  |2 Konspekt  |9 2 
072 7 |a 37.016  |x Učební osnovy. Vyučovací předměty. Učebnice  |2 Konspekt  |9 22 
080 |a 502/504  |2 MRF 
080 |a 504  |2 MRF 
080 |a (075.8)  |2 MRF 
080 |a (076.1)  |2 MRF 
100 1 |a Středová, Hana  |7 ola2011627303  |4 aut 
245 1 0 |a Environmentalistika :  |b pracovní sešit /  |c Hana Středová 
246 1 |i Název v tiráži:  |a Environmentalistika - pracovní sešit 
250 |a Vydání: první 
264 1 |a Brno :  |b Mendelova univerzita v Brně,  |c 2015 
300 |a 31 stran :  |b ilustrace (převážně barevné) ;  |c 30 cm 
336 |a text  |b txt  |2 rdacontent 
337 |a bez média  |b n  |2 rdamedia 
338 |a svazek  |b nc  |2 rdacarrier 
500 |a 170 výtisků 
650 0 7 |a nauka o životním prostředí  |7 ph123177  |2 czenas 
650 0 7 |a globální problémy životního prostředí  |7 ph120569  |2 czenas 
650 0 9 |a environmental science  |2 eczenas 
650 0 9 |a global environmental change  |2 eczenas 
655 7 |a učebnice vysokých škol  |7 fd133772  |2 czenas 
655 7 |a pracovní sešity  |7 fd133116  |2 czenas 
655 9 |a textbooks (higher)  |2 eczenas 
655 9 |a activity books  |2 eczenas 
710 2 |a Mendelova univerzita  |7 ko2010541433  |4 isb 
910 2 |a BOA001  |b 4-1368.037 
990 |a BK 
995 |a 01 
991 |b 201605  |c NOV 
996 6 |b 2610668968  |c 4-1368.037  |l MZK  |r Sklad / do 1 hodiny  |n 1  |p p.v.  |w 001557845  |u 000010  |a 1  |e BOA001  |j MZK50  |s P 
996 7 |b 2610668969  |c 4-1368.037  |l MZK  |r Sklad / do 1 hodiny  |n 4  |p p.v.  |w 001557845  |u 000020  |a 1  |e BOA001  |j MZK50  |s A